Ship management : (Record no. 31910)

000 -LEADER
fixed length control field 02494cam a2200457 i 4500
001 - CONTROL NUMBER
control field 22005156
003 - CONTROL NUMBER IDENTIFIER
control field OSt
005 - DATE AND TIME OF LATEST TRANSACTION
control field 20250703160329.0
006 - FIXED-LENGTH DATA ELEMENTS--ADDITIONAL MATERIAL CHARACTERISTICS
fixed length control field m |o d |
007 - PHYSICAL DESCRIPTION FIXED FIELD--GENERAL INFORMATION
fixed length control field cr_|||||||||||
008 - FIXED-LENGTH DATA ELEMENTS--GENERAL INFORMATION
fixed length control field 210414t20222022enk ob 001 0 eng
010 ## - LIBRARY OF CONGRESS CONTROL NUMBER
LC control number 2021012820
020 ## - INTERNATIONAL STANDARD BOOK NUMBER
International Standard Book Number 9781003081241
Qualifying information (ebk)
Canceled/invalid ISBN 9780367532789
Qualifying information (hbk)
Canceled/invalid ISBN 9780367532772
Qualifying information (pbk)
035 ## - SYSTEM CONTROL NUMBER
System control number 22005156
040 ## - CATALOGING SOURCE
Original cataloging agency DLC
Language of cataloging eng
Transcribing agency DLC
Description conventions rda
Modifying agency DLC
042 ## - AUTHENTICATION CODE
Authentication code pcc
050 00 - LIBRARY OF CONGRESS CALL NUMBER
Classification number HE571
082 00 - DEWEY DECIMAL CLASSIFICATION NUMBER
Classification number 387.2068
Edition number 23
100 1# - MAIN ENTRY--PERSONAL NAME
Personal name Zhang, Pengfei
Titles and words associated with a name (Writer on maritime law),
Relator term author.
245 10 - TITLE STATEMENT
Title Ship management :
Remainder of title theory and practice /
Statement of responsibility, etc. Pengfei Zhang and Lijun Tang.
260 ## - PUBLICATION, DISTRIBUTION, ETC.
Place of publication, distribution, etc. London :
Name of publisher, distributor, etc. Routledge,
Date of publication, distribution, etc. 2021.
264 #1 - PRODUCTION, PUBLICATION, DISTRIBUTION, MANUFACTURE, AND COPYRIGHT NOTICE
Place of production, publication, distribution, manufacture London ;
-- New York :
Name of producer, publisher, distributor, manufacturer Routledge, Taylor & Francis Group,
Date of production, publication, distribution, manufacture, or copyright notice 2022.
300 ## - PHYSICAL DESCRIPTION
Extent 1 online resource
336 ## - CONTENT TYPE
Content type term text
Content type code txt
Source rdacontent
337 ## - MEDIA TYPE
Media type term computer
Media type code c
Source rdamedia
338 ## - CARRIER TYPE
Carrier type term online resource
Carrier type code cr
Source rdacarrier
490 0# - SERIES STATEMENT
Series statement Routledge maritime masters
504 ## - BIBLIOGRAPHY, ETC. NOTE
Bibliography, etc. note Includes bibliographical references and index.
520 ## - SUMMARY, ETC.
Summary, etc. "Ship Management: Theory and Practice unpacks the complexity of this crucial maritime activity by spelling out its key elements, and the connections and linkages between them. Opening with an introduction and an overview of the special characteristics of ship management, the text then focuses on different strands of management. It offers dedicated chapters on strategic management, commercial management, operations management, technical management, human resource management and compliance management, weaving in numerous international examples throughout. The final chapter looks to the future, exploring the challenges facing ship management, and the impact of digitalisation. Ship Management: Theory and Practice is a valuable resource for upper-level students of shipping management and maritime operations, and can also serve as a one-stop reference for researchers and industry practitioners"--
Assigning source Provided by publisher.
588 ## - SOURCE OF DESCRIPTION NOTE
Source of description note Description based on print version record.
650 #0 - SUBJECT ADDED ENTRY--TOPICAL TERM
Topical term or geographic name entry element Shipping
General subdivision Management.
Topical term or geographic name entry element Personnel management.
700 1# - ADDED ENTRY--PERSONAL NAME
Personal name Tang, Lijun
Titles and other words associated with a name (Lecturer on shipping),
Relator term author.
776 08 - ADDITIONAL PHYSICAL FORM ENTRY
Relationship information Print version:
Main entry heading Zhang, Pengfei.
Title Ship management
Place, publisher, and date of publication New York : Routledge, [2022]
International Standard Book Number 9780367532789
Record control number (DLC) 2021012819
856 ## - ELECTRONIC LOCATION AND ACCESS
Uniform Resource Identifier <a href="https://doi.org/10.4324/9781003081241">https://doi.org/10.4324/9781003081241</a>
906 ## - LOCAL DATA ELEMENT F, LDF (RLIN)
a 7
b cbc
c orignew
d 1
e ecip
f 20
g y-gencatlg
942 ## - ADDED ENTRY ELEMENTS (KOHA)
Source of classification or shelving scheme
Koha item type E-Book

No items available.

Designed and Maintained by IMU-KC Library, Kolkata Campus © Copyright All Rights Reserved

webs counters

Powered by Koha